header

Thanking formulae in English (Record no. 58724)

MARC details
000 -LEADER
fixed length control field 01378nam a2200337Ia 4500
082 04 - DEWEY DECIMAL CLASSIFICATION NUMBER
Classification number 420.1/45
100 1# - MAIN ENTRY--AUTHOR NAME
Personal name Jautz, Sabine.
245 10 - TITLE STATEMENT
Title Thanking formulae in English
260 ## - PUBLICATION, DISTRIBUTION, ETC. (IMPRINT)
Place of publication Amsterdam :
Name of publisher John Benjamins Publishing Company,
Year of publication 2013. Philadelphia.
300 ## - PHYSICAL DESCRIPTION
Number of Pages 308 p.
490 0# - SERIES STATEMENT
Series statement Pragmatics & Beyond New Series,
650 #0 - SUBJECT ADDED ENTRY--TOPICAL TERM
Topical Term Politeness (Linguistics)
Topical Term English language
Topical Term Power (Social sciences)
Topical Term Interpersonal relations.
856 40 - ELECTRONIC LOCATION AND ACCESS
Uniform Resource Identifier http://site.ebrary.com/lib/rucke/Doc?id=10676928

No items available.

© 2026 Rongo University
Contact us: librarian | system librarian | Rongo university